Our study and the current situation / (Record no. 978043)

MARC details
000 -LEADER
fixed length control field 00746nam a2200265 a 4500
001 - CONTROL NUMBER
control field vtls001529626
003 - CONTROL NUMBER IDENTIFIER
control field NLI
005 - DATE AND TIME OF LATEST TRANSACTION
control field 20210627144836.0
008 - FIXED-LENGTH DATA ELEMENTS--GENERAL INFORMATION
fixed length control field 121212s1955 cc 000 0 eng
039 #9 - LEVEL OF BIBLIOGRAPHIC CONTROL AND CODING DETAIL [OBSOLETE]
-- 201212121623
-- VLOAD
040 0# - CATALOGING SOURCE
Original cataloging agency NLI
Language of cataloging eng
Transcribing agency XData_1
Description conventions AACR2
041 0# - LANGUAGE CODE
Language code of text/sound track or separate title eng
044 ## - COUNTRY OF PUBLISHING/PRODUCING ENTITY CODE
MARC country code cc
082 ## - DEWEY DECIMAL CLASSIFICATION NUMBER
Classification number 1481317
100 1# - MAIN ENTRY--PERSONAL NAME
Personal name Tse-tung, Mao
9 (RLIN) 686127
245 10 - TITLE STATEMENT
Title Our study and the current situation /
Statement of responsibility, etc. Mao Tse-Tung
260 ## - PUBLICATION, DISTRIBUTION, ETC.
Place of publication, distribution, etc. Peking :
Name of publisher, distributor, etc. Foreign Languages Press,
Date of publication, distribution, etc. 1955
300 ## - PHYSICAL DESCRIPTION
Extent 116 p. ;
Dimensions 19 cm.
651 #0 - SUBJECT ADDED ENTRY--GEOGRAPHIC NAME
Geographic name Asia
General subdivision Politics and government
9 (RLIN) 745896
887 ## - NON-MARC INFORMATION FIELD
Content of non-MARC field
901 ## - LOCAL DATA ELEMENT A, LDA (RLIN)
a IMP308584
b 02.04.1956
902 ## - LOCAL DATA ELEMENT B, LDB (RLIN)
a 148 D 1317
949 ## - LOCAL PROCESSING INFORMATION (OCLC)
-- VIRTUAITEM
-- 10000
-- 100
6 IMP000308584ENG
942 ## - ADDED ENTRY ELEMENTS (KOHA)
Source of classification or shelving scheme Dewey Decimal Classification
Koha item type Books
Holdings
Withdrawn status Lost status Damaged status Not for loan Home library Current library Date acquired Total Checkouts Full call number Barcode Date last seen Price effective from Koha item type
        National Library of India National Library of India     148 D 1317 IMP000308584ENG 27/06/2021 27/06/2021 Books
                                                                           
web counter

Copyright ©2020 The National Library of India, Govt. of India ↔ Hosted by NVLI, MOC ↔ Technology and Design by National Library of India, Ministry of Culture, Govt. of India